| 000 | 00476nam a2200181Ia 4500 | ||
|---|---|---|---|
| 008 | 090630s9999 xx 000 0 und d | ||
| 082 | _b15008 | ||
| 100 | _aAshram Adveita. | ||
| 245 |
_aThe Swami Vivekananda IV. _cAshram Adveita. |
||
| 260 |
_bAlmora Mayavati. _c1909 |
||
| 300 | _a999 | ||
| 600 | _aAshram Adveita. | ||
| 630 | _aThe Swami Vivekananda IV. | ||
| 655 | _aEnglish. | ||
| 700 | _aAshram Adveita. | ||
| 730 | _aThe Swami Vivekananda IV. | ||
| 942 | _cBOOK | ||
| 999 |
_c266864 _d266864 |
||